Kabale University Library Catalogue

Instructional Course Lectures / (Record no. 215)

MARC details
000 -LEADER
fixed length control field 01338cam a22002655a 4500
001 - CONTROL NUMBER
control field 17658694
003 - CONTROL NUMBER IDENTIFIER
control field OSt
005 - DATE AND TIME OF LATEST TRANSACTION
control field 20200312101332.0
008 - FIXED-LENGTH DATA ELEMENTS--GENERAL INFORMATION
fixed length control field 130314m2011 ilua b 001 0 eng d
040 ## - CATALOGING SOURCE
Original cataloging agency KABLIB
Language of cataloging eng
Transcribing agency KABLIB
Modifying agency KABLIB
082 00 - DEWEY DECIMAL CLASSIFICATION NUMBER
Classification number 617.1027
Edition number 23
Item number INS
245 00 - TITLE STATEMENT
Title Instructional Course Lectures /
Statement of responsibility, etc. edited by Charles T. Prince.
260 ## - PUBLICATION, DISTRIBUTION, ETC.
Place of publication, distribution, etc. Rosemont, IL :
Name of publisher, distributor, etc. American Academy Of Orthopaedic Surgeons,
Date of publication, distribution, etc. c2000.
300 ## - PHYSICAL DESCRIPTION
Extent xvii, 702 p. :
Other physical details ill. ;
Dimensions 29 cm,
Accompanying material CD-ROM.
500 ## - GENERAL NOTE
General note "The American Orthopaedic Society for Sports Medicine."
504 ## - BIBLIOGRAPHY, ETC. NOTE
Bibliography, etc. note Includes bibliographical references and index.
505 0# - FORMATTED CONTENTS NOTE
Formatted contents note V. 2. Sect. 1: The shoulder -- sect. 2: Rotator cuff and arthritis -- sect. 3: Pediatric sports injuries -- sect. 4: Miscellaneous sports-related conditions -- sect. 5: Hip injuries -- sect. 6: Foot and ankle injuries -- sect. 7: Elbow injuries -- sect. 8: Knee injuries.
520 ## - SUMMARY, ETC.
Summary, etc. "Current surgical approaches and up-to-date expertise on the important and developing topics facing the practice of orthopaedic sports medicine today." --
Assigning source AAOS web site.
650 #0 - SUBJECT ADDED ENTRY--TOPICAL TERM
Topical term or geographic name entry element Sports medicine.
9 (RLIN) 833
650 #0 - SUBJECT ADDED ENTRY--TOPICAL TERM
Topical term or geographic name entry element Orthopedics.
9 (RLIN) 840
650 #7 - SUBJECT ADDED ENTRY--TOPICAL TERM
Topical term or geographic name entry element Orthopedics.
Source of heading or term fast
Authority record control number or standard number (OCoLC)fst01048565
9 (RLIN) 840
650 #7 - SUBJECT ADDED ENTRY--TOPICAL TERM
Topical term or geographic name entry element Sports medicine.
Source of heading or term fast
Authority record control number or standard number (OCoLC)fst01130709
9 (RLIN) 833
700 1# - ADDED ENTRY--PERSONAL NAME
Personal name Prince, Charles T.
9 (RLIN) 841
942 ## - ADDED ENTRY ELEMENTS (KOHA)
Source of classification or shelving scheme Dewey Decimal Classification
Koha item type Book
Holdings
Withdrawn status Lost status Source of classification or shelving scheme Damaged status Not for loan Home library Current library Shelving location Date acquired Total Checkouts Full call number Barcode Date last seen Price effective from Koha item type
    Dewey Decimal Classification     School of Medicine Library School of Medicine Library Open Access Section 12.03.2020   617.1027 INS 2515 12.03.2020 12.03.2020 Book

Kabale University Library | Kabale University P.O Box 317, Kabale, Uganda
Tel : +256754017033, +256774661503 E-mail : library@kab.ac.ug